| 000 | 00726cam a2200253 a 4500 | ||
|---|---|---|---|
| 008 | |||
| 020 | _a9781444109146 (pbk.) | ||
| 049 | _aMAIN | ||
| 090 |
_aKJE947 _bSTO |
||
| 100 | 1 | _aStorey, Tony. | |
| 245 | 1 | 0 |
_aUnlocking EU law / _cTony Storey and Chris Turner. |
| 250 | _a3rd ed. | ||
| 260 |
_aAbingdon : _bHodder Education, _c2011. |
||
| 300 |
_alxi, 466 p. : _bill. ; _c27 cm. |
||
| 500 | _aIncludes index. | ||
| 504 | _aIncludes bibliographical references. | ||
| 650 | 0 |
_aLaw _zEuropean Union countries. |
|
| 700 | 1 | _aTurner, Chris. | |
| 907 |
_a.b10318306 _b26-04-13 _c18-09-12 |
||
| 003 | |||
| 005 | 20230123125447.0 | ||
| 040 | _cNUST | ||
| 942 |
_cBOOKS _kKJE947 _mSTO |
||
| 999 |
_c141907 _d141907 |
||